000 00229nam a2200097 a 4500
008 111125s2000|||| d
245 1 0 _aMartin Z dejín mesta
260 _bNeografia
_aMartin
_c2000
020 _c300
044 _axo
_cSK
999 _c19875
_d19875